[Event "Mario Covas 1st"]
[Site "Santos"]
[Date "2001.01.30"]
[Round "2"]
[White "Lima, Darcy Gustavo Macha"]
[Black "Limp, Eduardo Thelio"]
[Result "1-0"]
[WhiteElo "2544"]
[BlackElo "2462"]
[Annotator "Tsesarsky,I"]
[PlyCount "113"]
[EventDate "2001.01.29"]
[EventType "tourn"]
[EventRounds "11"]
[EventCountry "BRA"]
[EventCategory "8"]
[SourceTitle "CBM 082"]
[Source "ChessBase"]
[SourceDate "2001.05.17"]
[SourceVersion "1"]
[SourceVersionDate "2001.05.17"]
[SourceQuality "1"]

1. d4 d5 2. c4 c6 3. Nf3 Nf6 4. Nc3 e6 5. Bg5 Nbd7 6. e3 Qa5 7. cxd5 Nxd5 8.
Qd2 Bb4 9. Rc1 O-O (9... h6 {-mainline}) 10. a3 (10. Bc4 h6 11. Bh4 Nxc3 12.
bxc3 Ba3 13. Rb1 e5 14. O-O exd4 15. exd4 Nb6 16. Bb3 Nd5 $11 {[%csl Rc3] 0-1
Villegas,B-Castillo Larenas,M/Buenos Aires 1935/HCL (33)}) (10. e4 Nxc3 (10...
N5f6 11. Bd3 h6 (11... c5 12. a3 Bxc3 13. Rxc3 $14 {1-0 Gaspero,M-Vigile,M/ITA
1997/EXT 2000 (19)}) 12. Bh4 Re8 13. O-O $14 {1-0 Vark,L-Gonzalez,S/Medellin
1996/Juniors (34)}) 11. bxc3 Ba3 12. Rb1 b6 13. Bd3 Ba6 14. O-O Rfe8 15. Rfd1
Bxd3 16. Qxd3 Bf8 17. Bd2 Red8 18. Qc2 Rac8 19. c4 $14 {1-0 Pachman,L-Erdelyi,
S/Trencianske Teplice 1949/MCL (40)}) ({More popular is} 10. Bd3 h6 11. Bh4 e5
12. O-O Re8 13. Qc2 (13. dxe5 Nxc3 14. bxc3 Ba3 15. Rb1 Nxe5 $11 {0-1 Pommier,
E-Lacrosse,M/Massy 1993/EXT 97 (30)}) (13. e4 Nf4 (13... Nxc3 14. bxc3 Ba3 15.
Rb1 exd4 16. cxd4 Qxd2 17. Nxd2 Nb6 18. Nb3 (18. f4 Bd7 (18... c5 19. Bb5 Re6
20. d5 Rg6 21. f5 $16 {1-0 Aubel,J-De Graaff,R/NED 2000/CBM 74 ext (43)}) 19.
f5 $14) 18... Be7 19. Bxe7 Rxe7 20. Nc5 Rb8 21. Rfc1 $14 {1/2-1/2 Ulko,
J-Shabanov,Y/Moscow 1999/EXT 2001 (44)}) 14. Bc4 (14. Bb1 Ng6 15. Bg3 Nb6 16.
a3 Bf8 17. Ba2 Be6 18. Bxe6 Rxe6 19. dxe5 Nc4 20. Qe2 Ncxe5 $11 {1-0 Gligoric,
S-Shocron,R/Mar del Plata 1953/MCD (31)}) 14... Ng6 15. a3 Nxh4 16. Nxh4 Be7
17. Nf5 Bf8 18. b4 Qd8 19. Qa2 Qf6 20. d5 Nb6 21. Ne3 $14 {0-1 Alekhine,
A-Bogoljubow,E/GER/NLD 1929/MainBase (34)}) 13... exd4 14. exd4 (14. Nxd5 Qxd5
15. exd4 Nb6 16. Bg3 Qxa2 $17 {1-0 Shirov,A-Piket,J/Aruba 1995/CBM 46 (41)})
14... N7b6 (14... Nf8 15. Bg3 Be6 16. Ne5 Be7 17. a3 $132 {0-1 Malinin,
Y-Shabanov,Y/Tula 1998/EXT 2000 (35)}) 15. Ne5 Be6 16. Bh7+ Kh8 17. Bf5 Kg8 18.
Bh7+ Kh8 19. Bf5 Rg8 {1/2-1/2 Piket,J-Ivanchuk,V/Monte Carlo 1993/CBM 34 ext 
(19)}) 10... Bxc3 11. bxc3 Qxa3 (11... h6 12. Bh4 Re8 13. c4 Qxd2+ 14. Nxd2 $14
{^^BB 1/2-1/2 Gonzalez,G-Weissenbach,K/Gran Canaria 1996/EXT 97 (46)}) 12. e4
N5b6 (12... N5f6 13. Bd3 e5 14. O-O (14. Bxf6 gxf6 15. O-O $44) 14... Re8 15.
Bxf6 gxf6 16. Nh4 $44 {0-1 Hoi,C-Hansen,L/DEN-chT 9697 1996/EXT 99 (40)}) 13.
Bd3 f6 14. Bh4 e5 15. O-O Re8 16. Bg3 Qe7 {Position is quite unclear. It is
difficult for both sides to choose plan.} 17. Rfe1 (17. Rfd1 $44) (17. Ra1 $44
{[%cal Gf1b1]}) 17... Qf7 18. Qe2 c5 {Black decided first to change position's
contours.} 19. Rb1 $5 ({Worth of attention} 19. d5 $44 {[%cal Gf3d2,Gf2f3]
with further Nd2, f2-f3 in order to liberate Bg3. In other hand, pair of BB
needs space.}) 19... Kh8 20. Bb5 a6 $5 ({Interesting was also} 20... cxd4 $5
21. cxd4 exd4 22. Nxd4 a6 23. Bxd7 Qxd7 24. Rxb6 $5 {and oppisite colours BB
gives to White good chances to draw.} (24. Nf5 $6 Na4 25. Rbc1 b5 $15) 24...
Qxd4 25. Rd6 Qb4 26. e5 fxe5 27. Bxe5 {[%cal Gf2f4]} Bg4 $1 (27... Qxd6 28.
Bxd6 Rxe2 29. Rxe2 Bf5 30. Re7 b5 31. Be5 Kg8 32. Rxg7+ Kf8 33. f4 $132) 28. f3
Qxd6 29. Bxd6 Rxe2 30. Rxe2 Bd7 31. Re7 Bc6 32. Be5 Rg8 $44) 21. Bd3 $2 $17 {
Serious mistake} ({Instead of the last move it was necessary to simplify
position by} 21. dxc5 axb5 22. cxb6 Nxb6 23. Qxb5 $11) 21... Na4 $1 {This
strong move allows Black to solve Bc8 development problem and to promote
queenside PP.} 22. Bc4 ({On} 22. Qc2 {goes} b5 ({Not} 22... c4 $6 23. Qxa4 (23.
Bf1 b5 $17) 23... cxd3 24. Rbd1 b5 25. Qa5 exd4 (25... Qc4 26. Nd2 Qa4 27. Qxa4
bxa4 28. Re3 $11) 26. cxd4 Bb7 27. d5 Nc5 28. Nd2 $15) 23. d5 Ndb6 $17) 22...
Qe7 ({Not} 22... Qg6 $2 23. Qc2 b5 24. Bd5 $44 {[%csl Rg6]}) 23. Qc2 (23. Qd3
b5 24. Bd5 Ra7 $17) 23... b5 24. Bd5 Ra7 25. dxe5 {What to do, position of
White is bad.} Nxe5 26. Nh4 $6 $19 {[%csl Rh4]} ({Much better was} 26. Nxe5
fxe5 27. c4 Bd7 $17 {with certain chances for resistance.}) 26... c4 27. Re3
Nb6 28. Qe2 Qc5 $6 ({Immediately wins} 28... Ng4 $1 {[%csl Rd5,Re3]} 29. Bc6
Rd8 30. Bb8 Nxe3 31. Bxa7 Qxa7 32. Qxe3 Qc7 $19 {[%csl Rc6]}) 29. h3 (29. Qh5
g6 30. Qh6 Rg7 $19) 29... g6 ({Or} 29... Rd7 {[%csl Rd5]} 30. Qh5 g6 31. Qh6
Nxd5 32. exd5 Kg8 33. Nxg6 hxg6 34. Bxe5 Rxe5 35. Rxe5 fxe5 36. Qxg6+ Rg7 $19)
30. Nf3 Nd3 31. Nd4 Rae7 32. Qf3 Kg7 ({Why not} 32... Nxd5 33. exd5 Rxe3 34.
Qxf6+ Kg8 35. fxe3 Qxd5 $19) 33. Bc6 Rd8 $6 {Black overlooked tactical trick.}
(33... Rf8 $19 {would win}) 34. Bxb5 $1 {In hopeless position White tries to
complicate the game.} Ne5 $1 (34... axb5 $4 35. Rxb5 $16) 35. Qe2 (35. Bxe5
fxe5 36. Nc6 Rf8 $19) 35... axb5 36. Rxb5 Qc7 ({Black wins also after} 36...
Qd6 37. f4 (37. Qb2 Rb7 $19) 37... Nc6 38. e5 fxe5 39. Bh4 Ra7 40. fxe5 Nxd4
41. cxd4 Qxd4 42. Bf6+ Kg8 43. Bxd8 Qxd8 44. Kh2 (44. e6 Ra1+ 45. Kh2 Qd6+ 46.
Ree5 Bxe6 $19) 44... Be6 $19) 37. Qb2 ({Or} 37. f4 Nd3 38. f5 Ne5 39. Qb2 Rd6
$19) 37... Nbd7 (37... Rd6 $19) 38. Qa3 Rde8 39. Ra5 Nf8 $4 $44 {Terrible move.
Black overlooked another tactical impact, this time effective.} (39... Nb6 $19)
40. Nb5 $1 {[%cal Gb5d6]} Qd7 41. Nd6 Rd8 (41... Nd3 $6 42. Ra4 $1 (42. Nxe8+
Qxe8 43. Bd6 $1 $44 (43. e5 fxe5 44. Qa2 {[%csl Rc4,Re5][%cal Ga2f2]} Qc6 45.
Bxe5+ Nxe5 46. Raxe5 Rxe5 47. Rxe5 Bb7 48. f3 $44)) 42... Bb7 43. Nxe8+ Qxe8
44. Rxc4 Ne5 45. Bxe5 fxe5 $14) 42. Rd5 ({White has sufficient compensation
also after} 42. Bxe5 fxe5 43. Nxc4 Qd1+ 44. Kh2 Ree8 45. Nxe5 $44) 42... Qc7
43. Nb5 $1 {[%csl Rc7,Rd8,Re7]} (43. Nxc4 $5 Ree8 (43... Nxc4 44. Bxc7 Nxa3 45.
Bxd8 Re8 46. e5 fxe5 47. Rexe5 $14) (43... Qxc4 44. Qxe7+ Nf7 45. Rxd8 $18) 44.
Nxe5 fxe5 $15) 43... Rxd5 $8 44. exd5 $2 $17 {serious mistake.} ({Why not to
take the Q?} 44. Nxc7 $1 Rd1+ 45. Kh2 Rxc7 46. Qa5 Re7 47. Qc5 Re8 48. Bxe5
fxe5 49. Qxc4 $44) 44... Qd8 45. d6 $2 $19 (45. Nd6 $1 $17) 45... Re6 $4 $44 ({
Much actively was} 45... Rb7 $1 46. Nc7 Ne6 47. Bxe5 fxe5 48. Nxe6+ Bxe6 49.
Qc5 Qf6 50. Qxe5 Qxe5 51. Rxe5 Kf6 $19) 46. Nc7 $1 {[%csl Re6,Rg7][%cal Gc7e8]}
Nf7 (46... Rxd6 47. Qxd6 Qxd6 48. Ne8+ $18) (46... Qxd6 47. Qxd6 Rxd6 48. Ne8+
$18) (46... Nc6 $1 47. Nxe6+ Bxe6 48. Qc5 Qd7 $44) 47. Nxe6+ Bxe6 48. Qa7 Qd7 (
48... Bd5 49. Re7 Be6 50. Qe3 Qc8 51. Bf4 g5 52. Bg3 $44) 49. Qc7 g5 (49... Qa4
$44) 50. Re1 f5 $5 ({After} 50... Ng6 $44 {position is approximately equal.})
51. Be5+ Kg6 (51... Nxe5 52. Rxe5 Kf6 53. Ra5 Qe8 $44) 52. Qc5 f4 53. Ra1 Nxe5
(53... Qd8 $44) 54. Qxe5 Qg7 (54... h6 55. Ra8 Qg7 $44) 55. Qe4+ Kh6 (55... Kf7
56. Ra7+ Nd7 $44) 56. Ra8 Bg8 $4 $18 {[%csl Rf8,Rg8] Black puts mistake again.}
({Right was} 56... Qg6 $1 57. Qxg6+ Nxg6 58. Re8 Bd7 59. Re4 Kg7 60. Rxc4 Kf6
$44) (56... Bd7 $2 57. Qxc4 $16) 57. Qe8 1-0

[Event "Julian Borowski-A 4th"]
[Site "Essen"]
[Date "2002.05.18"]
[Round "3"]
[White "Krasenkow, Michal"]
[Black "Jussupow, Artur"]
[Result "1-0"]
[WhiteElo "2641"]
[BlackElo "2618"]
[Annotator "Tsesarsky,I"]
[PlyCount "57"]
[EventDate "2002.05.16"]
[EventType "tourn"]
[EventRounds "9"]
[EventCountry "GER"]
[EventCategory "16"]
[SourceTitle "CBM 090"]
[Source "ChessBase"]
[SourceDate "2002.09.20"]
[SourceVersion "1"]
[SourceVersionDate "2002.09.20"]
[SourceQuality "1"]

1. Nf3 {Ftacnik} d5 2. d4 Nf6 3. c4 e6 4. Nc3 Nbd7 5. Bg5 c6 6. e3 Qa5 7. cxd5
Nxd5 8. Qd2 Bb4 9. Rc1 c5 (9... h6 $1 {-can be recommended, see detailed
commented game 0-1 Gligoric,S-Blagojevic,D/Herceg Novi 2001/CBM 83_01
[Tsesarsky,I] (34)}) (9... O-O 10. Bd3 {-see detailed commented game 0-1
Vshivkov,K-Kozlov,O/Perm 1997/CBM 58[Tsesarsky,I] (40)}) 10. Bd3 (10. e4 cxd4 (
10... Nxc3 11. bxc3 Ba3 12. Rb1 O-O 13. Bd3 a6 14. O-O b5 15. d5 $14 {1-0 Euwe,
M-Michell,R/Hastings 1934/HCL (26)}) (10... N5f6 11. Bxf6 (11. Bd3 cxd4 12.
Nxd4 O-O 13. O-O Nc5 14. Bxf6 gxf6 15. a3 Bxc3 (15... Nxd3 16. axb4 Nxb4 17.
Ncb5 $16 {[%csl Rg8][%cal Gc1c3,Gc3h3] 1-0 Stahlberg,G-Monticelli,M/Warsaw
1935/EXT 2000 (22)}) 16. Rxc3 Na4 17. Nb3 Qe5 18. Rc2 Rd8 19. Rd1 $14 {[%csl
Rc8,Rg8][%cal Gf2f4]}) 11... Nxf6 12. Bd3 (12. Bb5+ Bd7 13. Bxd7+ Nxd7 14. a3
Bxc3 15. Rxc3 cxd4 (15... O-O 16. dxc5 $16 {0-1 Diedam,N-Naiditsch,E/Senden
1999/EXT 2000 (63)}) 16. Qxd4 Nf6 17. O-O O-O $11) 12... cxd4 13. Nxd4 O-O 14.
a3 Be7 15. b4 Qh5 16. O-O Rd8 $11 {1-0 Mikenas,V-Yates,F/Prague 1931/EXT 2000 
(34)}) 11. exd5 dxc3 12. bxc3 Ba3 13. dxe6 fxe6 14. Rd1 O-O $132 {[%cal Gd7e5]}
) (10. Be2 cxd4 (10... N7b6 $2 11. O-O Na4 12. Bb5+ Qxb5 13. Nxb5 Bxd2 14. Nxd2
Bd7 15. Nd6+ Kf8 16. dxc5 $16) 11. exd4 h6 12. Bh4 O-O 13. O-O b6 $11 {[%cal
Gc8a6]}) (10. a3 Bxc3 11. bxc3 b6 $1 (11... Qxa3 12. e4 N5f6 13. Bd3 Qa5 14.
O-O cxd4 15. cxd4 Qxd2 16. Bxd2 O-O 17. Rfe1 $44 {1/2-1/2 Pedersen,S-Pelletier,
Y/Panormo GRE 2001/The Week in Chess 360 (98)}) (11... N5f6 12. Bd3 b6 13. O-O
Bb7 14. Qe2 O-O 15. e4 Rfc8 16. e5 cxd4 17. cxd4 Bxf3 18. Qxf3 Nd5 19. Be4 Nf8
20. h4 (20. Qd3 Rab8 21. Bd2 Qa4 22. f4 Rxc1 23. Rxc1 Rd8 $14 {1/2-1/2
Gurevich,M-Jussupow,A/Heiligenhaus GER 2001/The Week in Chess 372 (52)}) 20...
h6 21. Be7 Ng6 22. Bb4 Qb5 23. g3 $14 {1-0 Lautier,J-Almasi,Z/Austria 1999/EXT
2000 (38)}) 12. Bd3 h6 13. Bh4 Ba6 14. O-O cxd4 15. Bxa6 Qxa6 16. Qxd4 O-O 17.
e4 Nf4 18. Qxd7 Ne2+ 19. Kh1 Nxc1 20. Rxc1 Qxa3 21. Qd2 Rac8 $44 {1/2-1/2
Rogozenko,D-Gurevich,M/Moscow RUS 2001/The Week in Chess 369 (36)}) 10... b6 $5
{Novelty. Black delays h7-h6 and c5xd4 moves. Ftacnik: 'The modern solution of
the problem how to finish development in Cambridge Springs variation. The
bishop from c8 is obviously heading to the b7 square. '} ({A more precise move
order is} 10... cxd4 11. exd4 {and} h6 $1 (11... O-O $2 {This move is serious
mistake!} 12. O-O {Too late is} h6 (12... b6 13. a3 Bxc3 14. bxc3 Qxa3 15. c4
N5f6 16. c5 bxc5 17. dxc5 Nd5 (17... Nxc5 18. Rxc5 $1 Qxc5 19. Bxf6 gxf6 20.
Qh6 $18) 18. Be4 $16 {1-0 Ikonnikov,V-Lacrosse,M/Massy 1993/EXT 97 (27)}) {
in view of standard sacrifice:} 13. Bxh6 gxh6 14. Qxh6 N5f6 $8 15. Ne4 Qd8 16.
Ng3 $1 $18 {[%csl Rg8]}) 12. Bh4 O-O 13. O-O b6 (13... Bd6 14. Bb1 Re8 15. Rfe1
Bf4 16. Qd3 Nf8 17. Rcd1 Bd7 18. Ne5 Nxc3 19. bxc3 Ba4 20. Bc2 Rac8 21. c4 $132
{1/2-1/2 Jorgensen,M-Hansen,H/Copenhagen DEN 2001/The Week in Chess 350 (21)})
14. Bb1 Ba6 15. Qc2 f5 16. Nxd5 Qxd5 17. Rfd1 Bd6 $1 18. Qd2 Rac8 $11 {0-1
Barshev,K-Botvinnik,M/Leningrad 1926/EXT 2000 (32)}) 11. O-O cxd4 12. exd4 Bb7
(12... Bxc3 13. bxc3 h6 14. Bh4 Bb7 15. Rfe1 (15. Be4 Bc6 16. Rfe1 $14) 15...
Rc8 16. Be4 Rc4 17. Qb2 Ba6 18. Bxd5 Qxd5 19. Qa3 {[%csl Ra6,Re7]} g5 20. Qxa6
gxh4 21. h3 $16 {[%csl Ra7,Rh4]}) ({Here badly is} 12... h6 {in view of the
excellent} 13. Nxd5 $3 Qxd5 (13... Bxd2 14. Nc7+ Kf8 15. Bxd2 {[%csl Ra5]} Qxa2
16. Nxa8 {[%csl Rc8]} Ba6 17. Ra1 $18) 14. Qxb4 hxg5 15. Rfe1 $18 {[%csl Re8]})
13. a3 $5 (13. Qe2 $6 Bxc3 (13... h6 14. Bd2 Nxc3 15. bxc3 Ba3 16. Rb1 Qh5 17.
Be4 Bxe4 18. Qxe4 O-O $132 {1/2-1/2 Farrell,N-Parker,J/SCO 1994/EXT 98 (58)})
14. bxc3 Nxc3 15. Qe3 h6 $15) 13... Bxc3 (13... Be7 {Ftacnik} 14. b4 $1 Qxa3
15. Bxe7 Kxe7 16. Nxd5+ Bxd5 17. Ra1 Qb3 18. Rfb1 $18) 14. bxc3 N5f6 (14... h6
15. c4 Qxd2 (15... hxg5 16. Qxa5 bxa5 17. cxd5 Bxd5 18. Nxg5 $14) 16. Bxd2 N5f6
17. Ne1 $14 {[%cal Gf2f3]}) (14... Qxa3 {Ftacnik} 15. c4 (15. Bb5 {Ftacnik} f6
16. Bh4 a6 17. Bxd7+ Kxd7 18. c4 Ne7 $13) 15... N5f6 16. Ne5 (16. Ra1 {Ftacnik}
Qe7 $15) (16. Qe3 {Ftacnik}) 16... Nxe5 17. dxe5 Nd7 18. c5 bxc5 19. Bb5 Bd5
20. Be3 $13) 15. Qe3 (15. Bxf6 Nxf6 16. Ne5 O-O 17. Qb2 Rac8 $132) 15... O-O (
15... Qxa3 {Ftacnik} 16. c4 (16. Bb5 {Ftacnik} O-O 17. Ra1 $13) 16... Ng4 17.
Qe2 Qd6 18. Be4 $11) 16. Ne5 $5 ({An approximately equal position would arise
after} 16. Bxf6 $1 Nxf6 17. Ne5 Qxa3 $44) 16... Nxe5 ({A strong initiative
keeps White in case of} 16... Qxa3 17. c4 (17. Ra1 Qd6 18. Rfe1 Rfc8 19. Qh3 g6
20. Bc4 {[%csl Re6,Rf7]} Rf8 (20... Ne4 21. Nxf7 Kxf7 22. Qxh7+ Kf8 23. Bh6+
Ke8 24. Qxg6+ Kd8 25. Rxe4 $18) 21. Bh6 Rfe8 22. Bf4 Nd5 23. Bg3 $16) 17... Qd6
18. Bxf6 Nxf6 19. c5 Qc7 20. c6 Bc8 21. f4 $16) 17. dxe5 {Very optimistic.} (
17. Qxe5 Qxe5 18. dxe5 Ne4 $11) 17... Nd7 $2 {A serious mistake. Now the
position of Black besomes difficult. White's attack developes from itself.
Ftacnik: 'Thsi move will cost black a game, as Krasenkow will not greedely
grab pawn h7. Jussupow had to find the courage for the risky jump 17...Ng4!
that keeps the balance on the board.'} ({Very strong was} 17... Ng4 $1 {
and this is the question, can White equalize or not. For example:} 18. Bxh7+ $1
{Ftacnik} (18. Qg3 Nxe5 19. Bb1 (19. Be7 {Ftacnik} Rfe8 20. Bb4 Qd5 21. Bc2
Rad8 $15) 19... Ng6 20. h4 f6 21. Be3 Qh5 $17) (18. Qd4 Nxe5 $17 {[%cal Ge5g6]}
) (18. Qh3 f5 19. Be7 (19. exf6 Qxg5 20. Qxh7+ (20. fxg7 {Ftacnik} Qxg7 21.
Bxh7+ Qxh7 22. Qxg4+ Kh8 23. Qxe6 Rae8 $17) 20... Kf7 21. f4 Qh6 22. fxg7 Qxg7
(22... Rg8 $19 {Ftacnik}) 23. Qh5+ Kg8 $17) (19. Rfd1 {Ftacnik} Qxe5 20. Bc4
Rae8 $15) (19. Rfe1 {Ftacnik} Nxe5 20. Bc2 Rae8 $15) 19... Rfe8 20. Bb4 (20.
Bd6 Nxe5 21. Be2 Rac8 $15) 20... Qxe5 21. Rce1 Qc7 22. f3 Nf6 23. c4 Rad8 $15)
18... Kxh7 19. Qh3+ Nh6 20. Bxh6 gxh6 21. Qd3+ Kh8 22. Qe3 $11) 18. Be7 $1 (18.
Bxh7+ {Ftacnik} Kxh7 19. Qd3+ Kg8 20. Qxd7 Qxe5 21. Be7 Rfb8 22. f3 Bd5 $11)
18... Rfe8 $6 ({Maybe better was} 18... Nxe5 19. Bxf8 Nxd3 20. Qxd3 Rxf8 21.
Rfd1 $16) 19. Bd6 $1 (19. Bxh7+ {Ftacnik} Kxh7 20. Qd3+ Kg8 21. Qxd7 Qd5 22.
Qxd5 exd5 23. Bd6 Rac8 24. f3 $14) 19... Nc5 20. Bc2 Qxa3 (20... Rac8 21. Rfd1
$16) 21. Rfd1 Rac8 22. Rd4 $1 $18 {[%csl Rg8][%cal Gd4h4] Sinple and strong
continuation. R joins to K Attack. Ftacnik: 'Which black piece is in fact
defending black's king? From the higher point of view black is completely lost.
'} h6 (22... Red8 23. Rg4 $16 {->}) 23. Rg4 Kh8 24. Re1 Qb2 25. Bb1 Qb5 (25...
Bd5 26. Bxc5 Rxc5 27. Qd3 g6 28. Rxg6 fxg6 29. Qxg6 $18) 26. Qf4 {[%csl Rf7]
[%cal Gf4f7]} Rf8 (26... Qd7 27. Rxg7 Kxg7 28. Qf6+ Kg8 29. Re3 Ne4 30. Bxe4
Rxc3 31. Rxc3 Bxe4 32. Qxh6 $18) 27. Be7 {[%csl Rh6,Rh8][%cal Gf4h6,Ge7f6]} Nd3
28. Qe3 (28. Bxd3 Qxd3 29. Bf6 $18) 28... Rfd8 29. Bf6 1-0

[Event "Mondariz zt 1.1"]
[Site "Mondariz"]
[Date "2000.09.06"]
[Round "4"]
[White "San Segundo Carrillo, Pablo"]
[Black "Dorfman, Josif D"]
[Result "0-1"]
[WhiteElo "2500"]
[BlackElo "2600"]
[Annotator "Tsesarsky,I"]
[PlyCount "54"]
[EventDate "2000.09.03"]
[EventType "swiss"]
[EventRounds "11"]
[EventCountry "ESP"]
[SourceTitle "CBM 079"]
[Source "ChessBase"]
[SourceDate "2000.11.21"]
[SourceVersion "1"]
[SourceVersionDate "2000.11.21"]
[SourceQuality "1"]

1. d4 d5 2. c4 c6 3. Nf3 Nf6 4. Nc3 e6 5. Bg5 Nbd7 6. e3 Qa5 7. cxd5 Nxd5 8.
Qd2 Bb4 9. Rc1 h6 10. Bh4 c5 (10... O-O 11. Bd3 {-mainline}) (10... b6 $1 {
see comments to the game 1/2-1/2 Moiseenko,A-Nadyrhanov,S/Krasnodar 1999/CBM
75/[Tsesarsky] (39)}) 11. a3 (11. Bd3 cxd4 12. exd4 b6 (12... O-O 13. O-O b6 {
0-1 Pelletier,Y-Oll,L/Elista RUS 1998 (31)}) 13. a3 (13. O-O O-O 14. Bb1 Ba6
15. Qc2 f5 16. Nxd5 Qxd5 17. Rfd1 Bd6 $1 $132 (17... Bb7 $2 18. Bg3 $16 {
1-0 Polugaevsky,L-Janosevic,D/Amsterdam 1970/Inf 10/ (27)})) 13... Bxc3 14.
bxc3 Bb7 15. Bg3 N5f6 16. Qb2 Ba6 17. Bxa6 Qxa6 18. c4 O-O 19. O-O {1/2-1/2
Sakaev,K-Filippov,V/Smolensk RUS 2000/The Week in Chess 286/(19)}) (11. Be2
cxd4 12. Nxd4 O-O 13. Nb3 Qb6 14. O-O Nxc3 15. bxc3 Ba3 16. Rb1 Qc7 $132 {
0-1 Dimitrov,V-Pelletier,Y/Barcelona ESP 2000/The Week in Chess 301 (75)})
11... Bxc3 12. bxc3 b6 13. Bd3 (13. e4 {see detailed commented game 1/2-1/2
Atalik,S-Nogueiras,J/Havana 1999/CBM 71 (63) (Tsesarsky)}) ({To unclear and
sharp position leads} 13. Ne5 $5 Nxe5 14. dxe5 g5 15. e4 Ne7 16. Rd1 O-O 17.
Bg3 Bb7 18. Qe3 Rad8 19. Rd6 Qxa3 20. f3 Ng6 21. h4 Rxd6 22. exd6 $44 {0-1
Sherbakov,R-Goloshchapov,A/Ekaterinburg 1999/CBM 75_02/ (58)}) 13... Ba6 $5 (
13... Bb7 $143 14. O-O N5f6 15. Qb2 $1 {[%csl Ga3]} O-O (15... Bxf3 16. gxf3
cxd4 17. cxd4 Qh5 18. Bxf6 $1 (18. Bg3 Qxf3 19. Be2 $44) 18... gxf6 (18... Nxf6
19. Qb5+ $1 $14 {[%cal Gb5h5]}) 19. Be4 Rd8 20. Kh1 $14) 16. Nd2 cxd4 17. cxd4
Rfc8 18. Nc4 $14 {1/2-1/2 Gomez Esteban,J-Estremera Panos,S/Barcelona ESP 2000/
The Week in Chess 303 (37)}) 14. O-O ({Permits to Black to equalize} 14. c4 {
after} Qxd2+ ({interesting also} 14... Qxa3 15. Be4 f5 16. cxd5 fxe4 17. dxe6
Nf8 (17... exf3 18. exd7+ Kxd7 19. dxc5+ Ke8 20. gxf3 $132) 18. Ne5 $132) 15.
Kxd2 N5f6 $132) 14... N5f6 ({Interesting and a little bit risky is} 14... Bxd3
15. Qxd3 Qxa3 16. e4 Nf4 17. Qd2 Ng6 18. Bg3 $44 {[%csl Ra3][%cal Gd4d5]}) 15.
e4 Bxd3 16. Qxd3 cxd4 $6 $14 {It was not necessary to open c-line.} (16... Qxa3
$4 17. Ra1 Qb3 18. Nd2 c4 19. Nxc4 $18) ({Good was} 16... O-O {and Black
complete development with equal position.}) 17. cxd4 O-O 18. Rc7 $6 $132 {
Based on tactical blunder...} (18. Rfd1 $5 $14) (18. Bxf6 Nxf6 19. Ne5 $14 {
White has strong central PP and active Ne5.}) 18... Rac8 $1 19. Rfc1 $4 $19 {
[%mdl 8192] falling to the trap...} ({Difficult and good desicion was to agree
with mistake on the previous move:} 19. Rcc1 $1) (19. Bg3 Rxc7 20. Bxc7 Rc8 21.
Rc1 $132) 19... Nc5 $1 20. dxc5 (20. R7xc5 bxc5 21. Bxf6 cxd4 $1 $19) 20...
Rxc7 21. Bxf6 gxf6 22. c6 Rfc8 23. Qd6 (23. Nd4 Qg5 (23... Rd8 {[%csl Rd4]
[%cal Gd8d3]} 24. Qe3 Qg5 25. f4 Qa5 $19) 24. Rc4 Rd8 $19 {[%csl Rd4][%cal
Ge6e5,Gb6b5]}) 23... Qb5 {[%csl Rc6]} 24. Qg3+ Kh7 25. Nd4 Qg5 26. Qc3 e5 27.
Nf3 Qf4 0-1